|
|
|
|
| LEADER |
00000nlm0a2200000 4500 |
| 001 |
37161 |
| 005 |
20231101210420.0 |
| 035 |
|
|
|a (RuTPU)RU\TPU\book\37719
|
| 090 |
|
|
|a 37161
|
| 100 |
|
|
|a 20011224d2000 k y0rusy50 ca
|
| 101 |
0 |
|
|a rus
|
| 102 |
|
|
|a RU
|
| 105 |
|
|
|a a z 101zy
|
| 135 |
|
|
|a drgn ---uucaa
|
| 181 |
|
0 |
|a i
|
| 182 |
|
0 |
|a b
|
| 200 |
1 |
|
|a Химия и химическая технология в XXI веке
|b Электронный ресурс
|e Материалы областной студенческой научно-практической конференции
|f Томский политехнический университет. Химико-технологический факультет; Областная студенческая научно-практическая конференция
|
| 203 |
|
|
|a Текст
|c электронный
|
| 210 |
|
|
|a Томск
|c Изд-во ТПУ
|d 2000
|
| 215 |
|
|
|a 73 с.
|c ил.
|
| 230 |
|
|
|a 1 компьютерный файл (pdf; 731 Kb)
|
| 336 |
|
|
|a Текстовый файл
|
| 337 |
|
|
|a Adobe Reader
|
| 452 |
|
1 |
|0 (RuTPU)RU\TPU\book\24471
|t Химия и химическая технология в XXI веке
|o Материалы областной студенческой научно-практической конференции, 23 мая, 2000 г., Томск
|f ТПУ, ХТФ
|c Томск
|n Изд-во ТПУ
|d 2000
|p 72 с.
|
| 606 |
1 |
|
|a Химия
|2 stltpush
|3 (RuTPU)RU\TPU\subj\17362
|9 43035
|
| 606 |
1 |
|
|a Химическая технология
|x Общие вопросы
|2 stltpush
|3 (RuTPU)RU\TPU\subj\68259
|9 83693
|
| 610 |
1 |
|
|a экология
|
| 610 |
1 |
|
|a окружающая среда
|
| 610 |
1 |
|
|a органические материалы
|
| 610 |
1 |
|
|a конференции
|
| 610 |
1 |
|
|a ресурсосбережение
|
| 610 |
1 |
|
|a токсичные соединения
|
| 610 |
1 |
|
|a электронный ресурс
|
| 675 |
|
|
|a 54(063)
|
| 675 |
|
|
|a 66(063)
|v 3
|
| 712 |
0 |
2 |
|a Томский политехнический университет
|b Химико-технологический факультет
|
| 712 |
1 |
2 |
|a Областная студенческая научно-практическая конференция
|e Томск
|f 2000
|
| 801 |
|
1 |
|a RU
|b 63413507
|c 20011224
|g PSBO
|
| 801 |
|
2 |
|a RU
|b 63413507
|c 20141117
|g PSBO
|
| 856 |
4 |
|
|u http://www.lib.tpu.ru/fulltext/m/2001/m5.pdf
|
| 942 |
|
|
|c CF
|